Państwa położone w linii prostej z miastami #2 - Statystyki

Ogólne statystyki
  • Ten quiz został rozwiązany 8 razy
  • Średni wynik to 12 z 15
Statystyki odpowiedzi
Miasto Kierunek Państwo % Poprawnych
Łódź Wschód Białoruś
100%
Tbilisi Zachód Bułgaria
100%
Bruksela Zachód Francja
100%
Toronto Południe Stany Zjednoczone
100%
Bejrut Południe Izrael
86%
Seattle Wschód Kanada
86%
Algier Południe Mali
86%
Kapsztad Północ Namibia
86%
Sztokholm Południe Polska
86%
Zagrzeb Północ Słowenia
86%
Doha Wschód Zjednoczone Emiraty Arabskie
86%
La Paz Północ Brazylia
71%
Manchester Wschód Niemcy
71%
Wellington Północ Rosja
57%
Bombaj Zachód Mjanma
29%
Nie znaleziono quizów pasujących do podanych kryteriów
Rozkład punktacji
Procent ludzi z każdym wynikiem
Percentyl według liczby udzielonych odpowiedzi
Twoja historia wyników
Nie rozwiązałeś tego quizu